| Tag |
First Indicator |
Second Indicator |
Subfields |
| LEADER |
00000cam a2200000 4500 |
| 001 |
in00000035512 |
| 005 |
20151007060823.0 |
| 008 |
800626s1957 nyua b 00010 eng |
| 010 |
|
|
|a 58017071
|
| 035 |
|
|
|a (OCoLC)06464927
|
| 035 |
|
|
|9 AAD0276AM
|
| 040 |
|
|
|a DLC
|c TXA
|d UtOrBLW
|
| 049 |
|
|
|a TXAM
|c [424245]
|
| 050 |
|
0 |
|a TP756
|b .S8
|
| 082 |
0 |
|
|a 665.54*
|
| 092 |
|
|
|a 665.54
|b S877g, 1957
|
| 110 |
2 |
|
|a Stone and Webster Engineering Corporation.
|
| 245 |
1 |
0 |
|a Gas storage at the point of use /
|c by Stone and Webster Engineering Corporation [to] Gas Operations Research Committee. Project PT-24.
|
| 264 |
|
1 |
|a New York :
|b American Gas Association,
|c [1957]
|
| 264 |
|
4 |
|c ©1957
|
| 300 |
|
|
|a 5, 59, xxiii pages :
|b diagrams, tables. ;
|c 28 cm.
|
| 336 |
|
|
|a text
|b txt
|2 rdacontent
|
| 337 |
|
|
|a unmediated
|b n
|2 rdamedia
|
| 338 |
|
|
|a volume
|b nc
|2 rdacarrier
|
| 504 |
|
|
|a Bibliography: pages i-xxiii.
|
| 650 |
|
0 |
|a Gas
|x Storage.
|
| 710 |
2 |
|
|a American Gas Association.
|b Gas Operations Research Committee.
|
| 999 |
|
|
|a MARS
|
| 999 |
f |
f |
|s 1a5d22aa-0986-327e-bfec-4b12a2635f80
|i c4f68dae-7478-3276-ac44-6988bdd96a90
|t 0
|
| 952 |
f |
f |
|p ric
|a Texas A&M University
|b Rellis Campus
|c Joint Library Facility
|d Remote Storage
|t 0
|e TP756 .S8
|h Library of Congress classification
|i unmediated -- volume
|m A14801115122
|
| 998 |
f |
f |
|a TP756 .S8
|t 0
|l Remote Storage
|